[Event "DAVI PATO"]
[Site "http://www.queenalice.com/game.php?id=1161338"]
[Date "2013.3.15"]
[Round "-"]
[White "valterbastos"]
[Black "ak"]
[Result "0-1"]
[WhiteElo "1446"]
[BlackElo "1100"]

1. e4 d6 2. c4 Nf6 3. Nf3 Nxe4 4. d3 Nc5 5. b4 Ne6 6. g4 g6 7. Qe2 Bg7 8. d4 O-O
9. Bh3 Na6 10. b5 Nb4 11. Nc3 b6 12. g5 Bb7 13. d5 a5 14. dxe6 f5 15. a3 Bxc3+
16. Bd2 Nc2+ 17. Kf1 Bxa1 18. Qd1 Be4 19. Rg1 Bd3+ 20. Kg2 Qb8 21. Re1 d5 22.
Re3 dxc4 23. Ne5 Qb7+ 24. f3 Rad8 25. Nf7 Rd4 26. Kg1 Rh4 27. Nh6+ Kg7 28. Qe1
Nxe1 29. Bxe1 Rxh3 30. Kg2 f4 31. Re4 Bxe4 32. Ng4 Rf5 33. Kxh3 Rxg5 34. Nf2
Rh5+ 35. Kg4 Bf5+ 36. Kxf4 Bd4 37. Nd3 g5+ 38. Kxf5 Qd5+ 39. Kg4 Rxh2 40. f4 h5+
41. Kg3 Qg2# 0-1

[Event "IMPACTO CUP"]
[Site "http://www.queenalice.com/game.php?id=1161643"]
[Date "2013.3.16"]
[Round "1"]
[White "Clewilson"]
[Black "ak"]
[Result "1-0"]
[WhiteElo "1442"]
[BlackElo "1247"]

1. d4 d5 2. Nc3 c6 3. g3 Nf6 4. Nf3 Na6 5. Bg2 Bf5 6. a4 Qd6 7. Bf4 Qb4 8. O-O
Qxb2 9. Qd2 Nb4 10. Rfb1 Qxc2 11. Rxb4 Rc8 12. h3 g6 13. g4 e5 14. Nxe5 Bxb4 15.
gxf5 Qxf5 16. e3 g5 17. e4 Qxf4 18. Qxf4 gxf4 19. Ne2 Bd2 20. Rb1 Rg8 21. Rxb7
Nxe4 22. f3 Be3+ 23. Kh2 Nf2 24. Bf1 Bxd4 25. Nxd4 c5 26. Bb5+ Kf8 27. Rxf7# 1-0

[Event "Challenge"]
[Site "http://www.queenalice.com/game.php?id=1163512"]
[Date "2013.3.21"]
[Round "-"]
[White "valterbastos"]
[Black "ak"]
[Result "0-1"]
[WhiteElo "1240"]
[BlackElo "1249"]

1. e4 e5 2. Nf3 Nc6 3. Nc3 Nf6 4. d4 exd4 5. Nd5 Nxe4 6. Bd3 f5 7. O-O g6 8. b4
Nxb4 9. c4 a5 10. a3 Nc6 11. Ne5 Nxe5 12. Be2 b6 13. f3 Nc3 14. Qxd4 d6 15. Qxc3
Ba6 16. f4 Ng4 17. Qxh8 c6 18. Nxb6 Qxb6+ 19. Kh1 Nf2+ 20. Kg1 Ng4+ 21. Kh1 d5
22. h3 Nf2+ 23. Kg1 Ne4+ 24. Kh2 Qb3 25. Bf3 Bxc4 26. Be3 Qxe3 27. Rae1 Qxf4+
28. Kg1 Rb8 29. Qxh7 Bc5+ 30. Kh1 Kd8 31. g4 Ng3+ 32. Kg2 Rb2+ 33. Rf2 Rxf2+ 34.
Kg1 Rd2+ 35. Re3 Qxe3# 0-1

[Event "Ta gaiato neh???"]
[Site "http://www.queenalice.com/game.php?id=1165707"]
[Date "2013.3.28"]
[Round "-"]
[White "ak"]
[Black "valterbastos"]
[Result "0-1"]
[WhiteElo "1338"]
[BlackElo "1201"]

1. d4 b5 2. Nc3 c6 3. b3 Nf6 4. Nf3 d5 5. g3 a5 6. Bf4 Ba6 7. e3 b4 8. Bxa6 Nxa6
9. Qd3 bxc3 10. Qb5 Qc8 11. Ne5 Nb4 12. O-O-O cxb5 13. a3 Nc6 14. Nf3 e5 15.
dxe5 Ng4 16. Rxd5 Nxf2 17. Rf1 Bxa3+ 18. Kb1 Qe6 19. Rdd1 a4 20. Ng5 Qf5 21.
Rxf2 Rd8 22. Rxd8+ Kxd8 23. Nxf7+ Qxf7 24. Bg5+ Ke8 25. Rg2 axb3 26. e6 Qf1# 0-1

[Event "Já Ganhei!"]
[Site "http://www.queenalice.com/game.php?id=1168017"]
[Date "2013.4.3"]
[Round "-"]
[White "ak"]
[Black "valterbastos"]
[Result "0-1"]
[WhiteElo "1242"]
[BlackElo "1271"]

1. e4 e5 2. Nf3 d6 3. Nc3 Nf6 4. b4 Nc6 5. g3 g5 6. Ba3 b5 7. Qb1 Bh6 8. Bxb5
Bb7 9. O-O a6 10. Bc4 g4 11. Nh4 Nd4 12. b5 Bxd2 13. bxa6 Bxa6 14. Bxa6 Rxa6 15.
Bb4 c5 16. Qd1 cxb4 17. Qxd2 Nxe4 18. Qd3 Qa8 19. f3 Nxc3 20. f4 Nce2+ 21. Kf2
e4 22. Qc4 e3+ 23. Kxe3 Ra3+ 24. Kd2 Qe4 25. Qxb4 Qxc2+ 26. Ke1 Rd3 27. Qb8+ Ke7
28. Qxh8 Qd2+ 29. Kf2 Nxg3+ 30. Kg1 Nxf1 31. Kxf1 Qxf4+ 32. Ke1 Qd2+ 33. Kf1
Qe2+ 34. Kg1 Rd2 35. Rc1 Nf3+ 36. Kh1 Nxh4 37. Rc7+ Ke6 38. Qe8+ Kd5 39. Qxf7+
Kd4 40. Qf6+ Kd3 41. Qc3+ Ke4 42. Re7+ Kf4 43. Qf6+ Nf5 44. Rxe2 Rxe2 45. Kg1 h5
46. a3 g3 47. hxg3+ Kg4 48. Kf1 Re3 49. a4 Rf3+ 50. Ke2 Nxg3+ 51. Kd2 Rxf6 52.
a5 h4 53. a6 Rf8 54. a7 Ra8 55. Kd3 h3 56. Kd4 h2 57. Kd5 Nf5 58. Kc6 h1=Q+ 59.
Kc7 Qc1+ 60. Kb7 Qc8+ 61. Kb6 Ne7 62. Kb5 Qc5+ 63. Ka6 Rxa7# 0-1

[Event "Pato é tu"]
[Site "http://www.queenalice.com/game.php?id=1174924"]
[Date "2013.4.24"]
[Round "-"]
[White "ak"]
[Black "valterbastos"]
[Result "0-1"]
[WhiteElo "1190"]
[BlackElo "1387"]

1. d4 Nc6 2. d5 Ne5 3. Qd4 f6 4. Bf4 d6 5. Nc3 c5 6. Qa4+ Bd7 7. Nb5 a6 8. c4
axb5 9. Qc2 bxc4 10. b3 b5 11. g3 g5 12. Be3 Nh6 13. Bg2 Nhg4 14. Bf3 h5 15. h3
Nxe3 16. Bxh5+ Rxh5 17. fxe3 Qa5+ 18. b4 Qxb4+ 19. Kd1 g4 20. Rb1 Qa3 21. Rh2
Bh6 22. Rf2 gxh3 23. g4 h2 24. Rxh2 Rxh2 25. Qh7 Qxe3 26. Qg8+ Bf8 27. Kc2 Rxa2+
28. Rb2 Qb3+ 29. Kd2 Rxb2+ 30. Ke1 Qc3+ 31. Kf1 Qc1# 0-1

[Event "Vou tentar de novo..."]
[Site "http://www.queenalice.com/game.php?id=1174925"]
[Date "2013.4.24"]
[Round "-"]
[White "ak"]
[Black "Clewilson"]
[Result "0-1"]
[WhiteElo "1194"]
[BlackElo "1541"]

1. e3 e5 2. Nc3 d5 3. Nf3 e4 4. Nd4 h5 5. g3 c5 6. Ndb5 d4 7. Nxe4 a6 8. Na3 Qd5
9. Qf3 Bg4 10. Qf4 g5 11. Qc7 Qxe4 12. Rg1 Qf3 13. Qe5+ Be7 14. Bg2 Qe2# 0-1

[Event "ESSA É EMPATE!!!"]
[Site "http://www.queenalice.com/game.php?id=1181109"]
[Date "2013.5.13"]
[Round "-"]
[White "ak"]
[Black "valterbastos"]
[Result "0-1"]
[WhiteElo "1178"]
[BlackElo "1376"]

1. e4 g5 2. c3 c5 3. Nh3 Bh6 4. d3 b5 5. Be3 Nc6 6. Na3 Ba6 7. d4 cxd4 8. cxd4
Nf6 9. Qd2 Ng4 10. O-O-O O-O 11. Qc3 e5 12. dxe5 Ncxe5 13. Be2 Rc8 14. Bc5 Re8
15. f3 b4 16. Qxb4 Bxe2 17. Rd2 Nd3+ 18. Kc2 Nxb4+ 19. Kb3 Rxc5 20. Kxb4 Qa5+
21. Kb3 Qxd2 22. Rc1 Rb8+ 23. Nb5 Rbxb5+ 24. Ka4 Qb4# 0-1

[Event "agora vai"]
[Site "http://www.queenalice.com/game.php?id=1181719"]
[Date "2013.5.15"]
[Round "-"]
[White "Clewilson"]
[Black "ak"]
[Result "1-0"]
[WhiteElo "1556"]
[BlackElo "1167"]

1. c4 d6 2. Nc3 f5 3. Qa4+ Bd7 4. Qb4 Na6 5. Qa5 b6 6. Qxa6 e5 7. Nd5 Nh6 8. d3
g5 9. g3 Ng4 10. Nf3 Bg7 11. Bxg5 Qb8 12. h3 e4 13. dxe4 Bxb2 14. Rb1 Bc3+ 15.
Nxc3 O-O 16. hxg4 c5 17. exf5 d5 18. Nxd5 b5 19. Qh6 Rf7 20. Nf6+ Kh8 21. Qg6
Rg7 22. Rxh7+ Rxh7 23. Qxh7# 1-0

[Event "Challenge"]
[Site "http://www.queenalice.com/game.php?id=1190129"]
[Date "2013.6.11"]
[Round "-"]
[White "ak"]
[Black "Epilos"]
[Result "0-1"]
[WhiteElo "1166"]
[BlackElo "1292"]

1. d4 d5 2. Nc3 Nf6 3. Nh3 h6 4. Qd2 Bxh3 5. gxh3 Ne4 6. Nxe4 dxe4 7. e3 e6 8.
Bb5+ c6 9. Ba4 b5 10. Bb3 Bd6 11. Qe2 Bb4+ 12. Bd2 Bxd2+ 13. Qxd2 O-O 0-1

[Event "patoooo"]
[Site "http://www.queenalice.com/game.php?id=1196793"]
[Date "2013.7.3"]
[Round "-"]
[White "ak"]
[Black "valterbastos"]
[Result "0-1"]
[WhiteElo "1153"]
[BlackElo "1472"]

1. e3 e5 2. Nf3 Nc6 3. h4 Qf6 4. c3 Nh6 5. d3 d5 6. a4 Bg4 7. e4 O-O-O 8. b4
dxe4 9. dxe4 Rxd1+ 10. Kxd1 a5 11. Nd2 axb4 12. Bb2 Bc5 13. Nb3 Bxf2 14. c4 Rd8+
15. Ke2 Bxf3+ 16. gxf3 Nd4+ 17. Nxd4 exd4 18. Kxf2 d3 0-1

[Event "Challenge"]
[Site "http://www.queenalice.com/game.php?id=1200147"]
[Date "2013.7.15"]
[Round "-"]
[White "vivoferreira"]
[Black "ak"]
[Result "1-0"]
[WhiteElo "1560"]
[BlackElo "1167"]

1. e4 d6 2. d4 Nc6 3. d5 Ne5 4. h3 Nf6 5. Nc3 a5 6. Nf3 Ng6 7. Be3 Qd7 8. Bd3
Nh5 9. Qd2 e5 10. Qe2 b6 11. Bb5 c6 12. Bxc6 Ba6 13. Bxd7+ Kxd7 14. Qd2 Rc8 15.
Bxb6 Be7 16. Bxa5 Ngf4 17. g3 Ng2+ 18. Kd1 Rc5 19. Na4 Rc4 20. Nb6+ Kd8 21.
Nxc4+ Kc8 22. Rg1 Ngf4 23. gxf4 Nxf4 24. Nb6+ Kb7 25. Qb4 Rd8 26. Nd7+ Kc8 27.
Qb8+ Kxd7 28. Bxd8 Bxd8 29. Qa7+ Kc8 30. Qxa6+ Kd7 31. Rxg7 Ke7 32. Rxh7 Ng2 33.
Ng5 Kd7 34. Qc6+ Ke7 35. Rxf7# 1-0

[Event "Será Possível?!"]
[Site "http://www.queenalice.com/game.php?id=1208857"]
[Date "2013.8.16"]
[Round "-"]
[White "ak"]
[Black "Clewilson"]
[Result "0-1"]
[WhiteElo "1149"]
[BlackElo "1613"]

1. e4 h5 2. Nc3 g5 3. Nf3 g4 4. Nh4 e6 5. Bb5 c6 6. Bc4 Qxh4 7. g3 Qh3 8. Qe2 b5
9. d3 bxc4 10. dxc4 c5 11. b3 Bg7 12. Qd2 Qg2 13. Ke2 Qxh1 14. Nd1 Nc6 15. c3
Nf6 16. Ke3 Qxe4# 0-1

[Event "Challenge"]
[Site "http://www.queenalice.com/game.php?id=1210824"]
[Date "2013.8.23"]
[Round "-"]
[White "Rogerio11"]
[Black "ak"]
[Result "0-1"]
[WhiteElo "1183"]
[BlackElo "1149"]

1. e4 e5 2. Nc3 Nc6 3. Nf3 Bd6 4. Nd5 b5 5. d3 Nb4 6. a3 Nc6 7. c4 f6 8. cxb5
Nd4 9. Nxd4 exd4 10. b4 Bb7 11. Qh5+ g6 0-1